Statistics for Countries by Military Spending Quiz

Click here to take the quiz!

General Stats

  • This quiz has been taken 82,086 times
    (15,309 since last reset)
  • The average score is 18 of 20

Answer Stats

SpendingCountry% Correct
732 bilUnited States
100%
65.1 bilRussia
99%
261 bilChina
99%
48.7 bilUnited Kingdom
99%
50.1 bilFrance
98%
49.3 bilGermany
97%
71.1 bilIndia
96%
47.7 bilJapan
94%
27.0 bilBrazil
93%
17.2 bilSpain
92%
26.8 bilItaly
92%
22.2 bilCanada
91%
43.9 bilSouth Korea
90%
12.6 bilIran
90%
25.9 bilAustralia
89%
61.9 bilSaudi Arabia
85%
20.5 bilTurkey
81%
20.5 bilIsrael
75%
12.1 bilNetherlands
52%
22.8 bilUnited Arab Emirates
49%

Score Distribution

Percentile by Number Answered

Percent of People with Each Score

Your Score History

You have not taken this quiz since the last reset